01903ngm a2200277uu 4500001000800000005001700008007000600025008004100031035001200072040001300084041001300097080000700110100002600117245003200143246003800175260006800213300003200281490005500313500003000368520107700398546004101475650003301516650002901549650002201578650002501600109236820260507083914.0vd||v080721s2007 mul  a1092368 ccomduadb aENGamul aRJ10aKidder, Tom4drtedrt10aLuchando contra la obesidad1 aBattling obesity [videograbacion] aMéxico :bAquarius Health Care Media,c2007 ;bQuality Films. a1DVD (24 min.) : son., col.0 aIdeas educativas : Estrategias para una vida mejor aSonido dolby digital 2.0.3 aEn las dos últimas décadas se ha triplicado el porcentaje de niños y adolescentes con sobrepeso en los Estados Unidos, sin que haya habido cambios de tipo genético. Por ello, los expertos señalan que, en la obesidad, el factor de mayor relevancia no son los genes, sino la ingestión de raciones grandes de comidas con un alto porcentaje de grasa y de azúcar, a la par que la insuficiente actividad física. Aun si la obesidad viene acompañada por baja autoestima y problemas en las interrelaciones personales de los niños, en este programa se hace énfasis en los problemas de salud que acarrea, especialmente la predisposición a contraer diabetes 2, la que cuando se inicia en la infancia se relaciona con complicaciones de mayor gravedad, como la insuficiencia renal. Se presentan los casos de varios niños y adolescentes que se decidieron a intentar bajar de peso y lo lograron con el apoyo de su familia. Para ello recibieron también la orientación de un consejero, modificaron su alimentación y comenzaron a hacer ejercicio regularmente. aSubtitulada y doblada al Español. 7aHábitos alimenticios2lemb aObesidad en adolescentes aObesidad infantil 7aDieta saludable2dcs